=LDR 00000nam 2200000 4500 =001 NUTBA000000000004027 =005 20140902092724.0 =006 =007 =008 =020 ##$$a 978-979-1494-50-2 =035 ##$$a 0010-091400000000060 =040 ##$$a NBPDMAT =082 ##$$a 551.5 =090 ##$$a 551.5 $b Sut d =100 ##$$a Sutono =245 ##$$a Dampak rumah kaca / $c Ir. Sutono =260 ##$$a Jakarta : $b Pamularsib, $c 2008 =300 ##$$a vi, 74 hlm. : $b ilus. ; $c 21 cm. =650 ##$$a Atmosfer =990 ##$$a 21408577